Predikcia peňažných tokov z investičnej činnosti v spoločnosti s ručením obmedzeným a ich analýza diplomová práca

Enregistré dans:
Détails bibliographiques
Auteur principal: Borbélyová, Kristína
Collectivité auteur: Fakulta hospodárskej informatiky EU. Katedra účtovníctva a audítorstva
Autres auteurs: Sklenka, Miloš
Format: Livre
Langue:slovaque
Publié: Bratislava 2016
Tags: Ajouter un tag
Pas de tags, Soyez le premier à ajouter un tag!

MARC

LEADER 00000nbm a2200000 4500
001 0216883
005 20240905081927.3
041 0 |a slo 
044 |a SK 
245 1 0 |a Predikcia peňažných tokov z investičnej činnosti v spoločnosti s ručením obmedzeným a ich analýza  |b diplomová práca  |c Kristína Borbélyová ; školiteľ: Miloš Sklenka 
264 1 |a Bratislava  |c 2016 
300 |a 71 s. 
100 1 |a Borbélyová, Kristína 
700 1 |a Sklenka, Miloš 
710 2 |a Fakulta hospodárskej informatiky EU. Katedra účtovníctva a audítorstva